书目信息 |
| 题名: |
中国港口建设发展报告
|
|
| 作者: | 郭小碚 主编 ;国家发展改革委 编 | |
| 分册: | ||
| 出版信息: | 北京 人民交通出版社 2008.08 |
|
| 页数: | 598页 | |
| 开本: | 29cm | |
| 丛书名: | ||
| 单 册: | ||
| 中图分类: | F552.3 | |
| 科图分类: | ||
| 主题词: | 港口建设--研究报告--中国 | |
| 电子资源: | ||
| ISBN: | 978-7-114-07320-5 | |
| 000 | 01104nam0 2200253 450 | |
| 001 | 004112409 | |
| 005 | 20100812114406.20 | |
| 010 | @a978-7-114-07320-5@b精装@dCNY199.00 | |
| 090 | @aF552@bgxb | |
| 100 | @a20100515d2008 em y0chiy50 ea | |
| 101 | 0 | @achi |
| 102 | @aCN@b110000 | |
| 105 | @aab z 000yy | |
| 200 | 1 | @a中国港口建设发展报告@Azhong guo gang kou jian she fa zhan bao gao@d= The report on China port construction and development@f郭小碚主编@Fguo xiao bei zhu bian@g国家发展和改革委员会综合运输研究所编@zeng@Azhong guo gang kou jian she fa zhan bao gao |
| 210 | @a北京@c人民交通出版社@d2008.08 | |
| 215 | @a598页@c图,地图@d29cm | |
| 330 | @a本书通过对中国港口发展历程的回顾与总结,反映了与我国港口发展密切相关的各种政策环境、港口发展状况、关键技术设备研究动态、工程建设情况以及港口改革面临的机遇与挑战等内容。 | |
| 510 | 1 | @aReport on China port construction and development@zeng |
| 606 | 0 | @a港口建设@x研究报告@y中国 |
| 690 | @aF552.3@v4 | |
| 701 | 0 | @a郭小碚@Aguo xiao bei@4主编 |
| 712 | 02 | @a国家发展改革委@b综合运输研究所@4编 |
| 801 | @c20100515 | |
| 905 | @dF552.3@eG850@f3 | |
| 中国港口建设发展报告= The report on China port construction and development/郭小碚主编/国家发展和改革委员会综合运输研究所编.-北京:人民交通出版社,2008.08 |
| 598页:图,地图;29cm |
| ISBN 978-7-114-07320-5(精装):CNY199.00 |
| 本书通过对中国港口发展历程的回顾与总结,反映了与我国港口发展密切相关的各种政策环境、港口发展状况、关键技术设备研究动态、工程建设情况以及港口改革面临的机遇与挑战等内容。 |
| ● |
| 相关链接 |
|
|
|
正题名:中国港口建设发展报告
索取号:F552.3/G850
 
预约/预借
| 序号 | 登录号 | 条形码 | 馆藏地/架位号 | 状态 | 备注 |
| 1 | 1024595 | 210245956 | 社科二线422/422社科库 10排2列1层/ [索取号:F552.3/G850] | 在馆 | |
| 2 | 1024596 | 210245965 | 社科二线422/422社科库 10排2列1层/ [索取号:F552.3/G850] | 在馆 | |
| 3 | 1024597 | 210245974 | 社科库409/409社科库 38排2列3层/ [索取号:F552.3/G850] | 在馆 |